[Event "FIN-chT 2223"]
[Site "Finland"]
[Date "2022.11.05"]
[Round "5.2"]
[White "Nivala, Tuomas"]
[Black "Niemi, Kalle"]
[Result "1-0"]
[WhiteElo "2222"]
[BlackElo "2313"]
[PlyCount "109"]
[EventDate "2022.09.24"]
[EventType "team-tourn"]
[EventRounds "11"]
[EventCountry "FIN"]
[SourceTitle "EXT 2024"]
[Source "ChessBase"]
[SourceDate "2023.10.10"]
[SourceVersion "1"]
[SourceVersionDate "2023.10.10"]
[SourceQuality "1"]
[WhiteTeam "Jyvaskyla JyS"]
[BlackTeam "Turku TuTS"]
[WhiteTeamCountry "FIN"]
[BlackTeamCountry "FIN"]

1. e4 e5 2. Nc3 Nf6 3. Bc4 Nxe4 4. Qh5 Nd6 5. Bb3 Nc6 6. Nb5 g6 7. Qf3 f5 8. Qd5 Qe7 9. Nxc7+ Kd8 10. Nxa8 b6 11. d3 Bb7 12. Qf3 f4 13. Bd2 Nd4 14. Qh3 Bg7 15. 0-0-0 h5 16. c3 g5 17. f3 N4f5 18. g4 hxg4 19. Qxg4 Ng3 20. hxg3 Rxh1 21. Nh3 Rxd1+ 22. Bxd1 Bf6 23. Nxb6 axb6 24. Nf2 Qf7 25. Bb3 Qh7 26. gxf4 exf4 27. Ba4 b5 28. Bd1 Nf7 29. d4 Ke7 30. Qh3 Qg6 31. Bc2 Qg8 32. Be4 d5 33. Qh7 Qxh7 34. Bxh7 Nd6 35. Bd3 Bc6 36. Kd1 Bd7 37. Ke2 Kd8 38. Bc1 Kc7 39. a3 Be7 40. b3 Kb6 41. Bg6 Nf5 42. Nd3 Be6 43. Ne5 Nh6 44. Be8 Bf5 45. Nd3 Be6 46. a4 Nf5 47. axb5 Nd6 48. Ba3 Nxe8 49. Bxe7 g4 50. Nxf4 gxf3+ 51. Kxf3 Bf7 52. Kg4 Kxb5 53. Kf5 Kc6 54. Nd3 Nc7 55. Ne5+ 1-0

[Event "FIN-chT 2223"]
[Site "Finland"]
[Date "2022.09.24"]
[Round "1.2"]
[White "Niemi, Kalle"]
[Black "Ahvenjarvi, Jani"]
[Result "1/2-1/2"]
[WhiteElo "2313"]
[BlackElo "2326"]
[PlyCount "97"]
[EventDate "2022.09.24"]
[EventType "team-tourn"]
[EventRounds "11"]
[EventCountry "FIN"]
[SourceTitle "CBM 210 Extra"]
[Source "ChessBase"]
[SourceDate "2022.11.30"]
[SourceVersion "1"]
[SourceVersionDate "2022.11.30"]
[SourceQuality "1"]
[WhiteTeam "Turku TuTS"]
[BlackTeam "Tampere Tammer"]
[WhiteTeamCountry "FIN"]
[BlackTeamCountry "FIN"]

1. e4 e5 2. Nf3 Nc6 3. Bc4 d6 4. d4 exd4 5. Nxd4 g6 6. Nc3 Bg7 7. Be3 Nf6 8. f3 0-0 9. Qd2 Re8 10. 0-0-0 a6 11. g4 Ne5 12. Be2 b5 13. g5 Nh5 14. f4 Nc4 15. Bxc4 bxc4 16. Nde2 Bg4 17. Bd4 Bxe2 18. Nxe2 Bxd4 19. Qxd4 Qe7 20. Nc3 Nxf4 21. h4 Qe6 22. Rhf1 Nh5 23. Nd5 Rac8 24. Rde1 Qg4 25. Qf2 Qe6 26. Qd2 Qe5 27. Ne3 c3 28. bxc3 Qe6 29. c4 Qe5 30. c3 Qc5 31. Ng4 Kg7 32. Qd4+ Qxd4 33. cxd4 Re6 34. d5 Ree8 35. Rf3 c6 36. Kd2 cxd5 37. cxd5 Rc4 38. Ref1 Re7 39. Nf6 Ra4 40. a3 Kf8 41. Nxh7+ Ke8 42. Rb1 Raxe4 43. Rb8+ Kd7 44. Nf6+ Nxf6 45. gxf6 R7e5 46. Rb7+ Ke8 47. Rb8+ Kd7 48. Rb7+ Ke8 49. Rb8+ 1/2-1/2

[Event "Heart of Finland op 30th"]
[Site "Jyvaskyla"]
[Date "2022.07.21"]
[Round "6"]
[White "Tuomala, Tapio"]
[Black "Niemi, Kalle"]
[Result "0-1"]
[WhiteElo "2155"]
[BlackElo "2297"]
[PlyCount "113"]
[EventDate "2022.07.18"]
[EventType "swiss"]
[EventRounds "9"]
[EventCountry "FIN"]
[SourceTitle "CBM 209 Extra"]
[Source "ChessBase"]
[SourceDate "2022.09.30"]
[SourceVersion "1"]
[SourceVersionDate "2022.09.30"]
[SourceQuality "1"]

1. e4 c6 2. d4 d5 3. Nd2 dxe4 4. Nxe4 Nf6 5. Nxf6+ exf6 6. Bc4 Bd6 7. Qh5 0-0 8. Ne2 Nd7 9. 0-0 Nb6 10. Bd3 g6 11. Qh6 Re8 12. c4 Bf8 13. Qd2 f5 14. b3 Nd7 15. Bb2 Nf6 16. f3 h5 17. Rad1 a5 18. Rfe1 a4 19. Bb1 axb3 20. axb3 Qb6 21. Nc1 Bd7 22. Kh1 Bb4 23. Bc3 Bxc3 24. Qxc3 h4 25. Nd3 Nh5 26. Bc2 Rad8 27. Nc5 Bc8 28. Rxe8+ Rxe8 29. Re1 Qd8 30. Rxe8+ Qxe8 31. Qd2 Qe7 32. Kg1 b6 33. Nd3 Qd6 34. Qe3 Be6 35. Ne5 f4 36. Qc3 h3 37. c5 bxc5 38. Qxc5 Qd8 39. Nxc6 Qh4 40. Qc3 Nf6 41. Be4 Qg5 42. Qd2 Bxb3 43. Ne5 Bd5 44. g3 Bxe4 45. fxe4 Qh5 46. Qxf4 Qd1+ 47. Kf2 Qxd4+ 48. Kf3 Qc3+ 49. Kf2 Qxe5 50. Qxe5 Ng4+ 51. Kf3 Nxe5+ 52. Kf4 f6 53. g4 g5+ 54. Kg3 Nd3 55. Kxh3 Nf2+ 56. Kg2 Nxg4 57. h4 0-1

[Event "Heart of Finland op 30th"]
[Site "Jyvaskyla"]
[Date "2022.07.19"]
[Round "3"]
[White "Niemi, Kalle"]
[Black "Kevlishvili, Robby"]
[Result "0-1"]
[WhiteElo "2297"]
[BlackElo "2508"]
[PlyCount "88"]
[EventDate "2022.07.18"]
[EventType "swiss"]
[EventRounds "9"]
[EventCountry "FIN"]
[SourceTitle "CBM 209 Extra"]
[Source "ChessBase"]
[SourceDate "2022.09.30"]
[SourceVersion "1"]
[SourceVersionDate "2022.09.30"]
[SourceQuality "1"]

1. e4 c5 2. Nf3 d6 3. d4 cxd4 4. Nxd4 Nf6 5. Nc3 a6 6. Nb3 g6 7. f3 Bg7 8. Be3 h5 9. Qd2 Nbd7 10. 0-0-0 b5 11. Nd5 Nxd5 12. exd5 0-0 13. Na5 Nf6 14. Nc6 Qc7 15. Bh6 e5 16. Bxg7 Kxg7 17. f4 Bb7 18. Be2 Nxd5 19. Qxd5 Bxc6 20. Qxd6 Qxd6 21. Rxd6 Bxg2 22. Rg1 Be4 23. fxe5 Rfe8 24. Bxh5 Rxe5 25. Bd1 Rh8 26. Rxa6 Rxh2 27. Re1 f5 28. c3 g5 29. a4 bxa4 30. Rxa4 Kf6 31. Ra6+ Re6 32. Rxe6+ Kxe6 33. Bf3 Ke5 34. Bxe4 fxe4 35. Rg1 Kf4 36. c4 g4 37. c5 g3 38. c6 Rh6 39. Kd2 Rxc6 40. Rf1+ Kg4 41. Ke3 g2 42. Rg1 Kg3 43. Kxe4 Rc2 44. b3 Rb2 0-1

[Event "FIN-ch"]
[Site "Helsinki"]
[Date "2022.04.20"]
[Round "6"]
[White "Wartiovaara, Oliver"]
[Black "Niemi, Kalle"]
[Result "0-1"]
[WhiteElo "2205"]
[BlackElo "2295"]
[PlyCount "70"]
[EventDate "2022.04.15"]
[EventType "tourn"]
[EventRounds "9"]
[EventCountry "FIN"]
[EventCategory "3"]
[SourceTitle "CBM 207 Extra"]
[Source "ChessBase"]
[SourceDate "2022.05.31"]
[SourceVersion "1"]
[SourceVersionDate "2022.05.31"]
[SourceQuality "1"]

1. d4 Nf6 2. c4 g6 3. g3 Bg7 4. Bg2 d6 5. Nc3 0-0 6. Nf3 c6 7. 0-0 Qb6 8. e4 Bg4 9. h3 Bxf3 10. Bxf3 Nfd7 11. d5 Na6 12. Be2 Nac5 13. Qc2 Bxc3 14. bxc3 Qa6 15. Rb1 Rac8 16. Be3 b6 17. Rb4 Rc7 18. f4 Qc8 19. Kg2 Nb7 20. Bd3 cxd5 21. exd5 Na5 22. Qe2 Nc5 23. Bxc5 Rxc5 24. Qxe7 Re8 25. Qxa7 Nxc4 26. Bxc4 Rxc4 27. Qxb6 Rxc3 28. f5 Re2+ 29. Kh1 Rcc2 30. Qg1 Qc5 31. Rb8+ Kg7 32. f6+ Kh6 33. Rd1 Rh2+ 34. Qxh2 Rxh2+ 35. Kxh2 Qc2+ 0-1

[Event "FIN-chT 2022"]
[Site "Finland"]
[Date "2022.03.20"]
[Round "9.2"]
[White "Niemi, Kalle"]
[Black "Nyback, Jukka"]
[Result "1-0"]
[WhiteElo "2297"]
[BlackElo "2100"]
[PlyCount "41"]
[EventDate "2020.09.12"]
[EventType "team-tourn"]
[EventRounds "11"]
[EventCountry "FIN"]
[SourceTitle "EXT 2023"]
[Source "ChessBase"]
[SourceDate "2022.10.05"]
[SourceVersion "1"]
[SourceVersionDate "2022.10.05"]
[SourceQuality "1"]
[WhiteTeam "Turku TuTS"]
[BlackTeam "Helsinki Ninja"]
[WhiteTeamCountry "FIN"]
[BlackTeamCountry "FIN"]

1. e4 c6 2. d4 d5 3. e5 Bf5 4. h4 h6 5. g4 Bg6 6. h5 Bh7 7. e6 fxe6 8. Bd3 Nf6 9. Bxh7 Rxh7 10. Nf3 Nbd7 11. Ne5 Qb6 12. Rh3 Nxe5 13. dxe5 Qb4+ 14. Nd2 Nxg4 15. Rh4 Qf4 16. Qxg4 Qxe5+ 17. Kf1 0-0-0 18. Nf3 Qf6 19. Bf4 Kd7 20. Re1 Qf5 21. Nd4 1-0

[Event "FIN-chT 2022"]
[Site "Finland"]
[Date "2022.03.12"]
[Round "5.2"]
[White "Ronka, Erik"]
[Black "Niemi, Kalle"]
[Result "0-1"]
[WhiteElo "2283"]
[BlackElo "2297"]
[PlyCount "82"]
[EventDate "2020.09.12"]
[EventType "team-tourn"]
[EventRounds "11"]
[EventCountry "FIN"]
[SourceTitle "EXT 2023"]
[Source "ChessBase"]
[SourceDate "2022.10.05"]
[SourceVersion "1"]
[SourceVersionDate "2022.10.05"]
[SourceQuality "1"]
[WhiteTeam "Vantaa EtVaS"]
[BlackTeam "Turku TuTS"]
[WhiteTeamCountry "FIN"]
[BlackTeamCountry "FIN"]

1. e4 e5 2. Nf3 Nc6 3. Bb5 a6 4. Ba4 Bc5 5. c3 Nge7 6. 0-0 Ba7 7. d4 Ng6 8. Bg5 f6 9. Be3 0-0 10. Nbd2 Kh8 11. Re1 d6 12. h3 exd4 13. Nxd4 Nxd4 14. cxd4 c5 15. Nf3 Be6 16. a3 Qe7 17. b4 b5 18. Bc2 c4 19. d5 Bxe3 20. Rxe3 Bd7 21. Qd2 Nf4 22. a4 g5 23. axb5 axb5 24. Rea3 Rad8 25. Ra7 Qe8 26. Kh2 Qh5 27. Ng1 Rg8 28. Rc7 Ng6 29. Raa7 Ne5 30. Ne2 g4 31. Qf4 Qh4 32. Qg3 Qh6 33. h4 Nf3+ 34. gxf3 gxf3 35. Qf4 Rg2+ 36. Kh1 fxe2 37. Qxh6 e1Q+ 38. Kxg2 Rg8+ 39. Kf3 Bg4+ 40. Kg2 Bh3+ 41. Kf3 Bg2+ 0-1

[Event "FIN-chT 1920"]
[Site "Finland"]
[Date "2019.11.24"]
[Round "6.4"]
[White "Puranen, Jukka"]
[Black "Niemi, Kalle"]
[Result "0-1"]
[WhiteElo "2212"]
[BlackElo "2283"]
[PlyCount "74"]
[EventDate "2019.09.14"]
[EventType "team-tourn"]
[EventRounds "11"]
[EventCountry "FIN"]
[SourceTitle "CBM 194 Extra"]
[Source "ChessBase"]
[SourceDate "2020.03.31"]
[SourceVersion "1"]
[SourceVersionDate "2020.03.31"]
[SourceQuality "1"]
[WhiteTeam "Kotka KymS"]
[BlackTeam "Turku TuTS"]
[WhiteTeamCountry "FIN"]
[BlackTeamCountry "FIN"]

1. d4 e6 2. Nf3 d5 3. e3 Nf6 4. Bd3 c5 5. b3 Nc6 6. 0-0 Bd6 7. Bb2 0-0 8. a3 cxd4 9. exd4 b6 10. Nbd2 Bb7 11. Qe2 Ne7 12. Ne5 Qc7 13. f4 Rac8 14. Rf2 Nf5 15. g4 Ne7 16. Re1 b5 17. g5 Ne8 18. Nf1 b4 19. a4 Nf5 20. Ng3 g6 21. Qf1 f6 22. gxf6 Nxf6 23. Qh3 Rce8 24. Rg2 Nxg3 25. hxg3 Bxe5 26. Rxe5 Ne4 27. Rh2 Rf5 28. Qg4 Re7 29. Bc1 Qc3 30. Qe2 Nxg3 31. Qe3 Ne4 32. Re2 Qc7 33. Qh3 Qb6 34. Be3 Ba6 35. Rg2 Bxd3 36. cxd3 Nd6 37. Rc2 Nf7 0-1

[Event "FIN-ch op"]
[Site "Naantali"]
[Date "2019.07.04"]
[Round "8"]
[White "Heino, Juha"]
[Black "Niemi, Kalle"]
[Result "0-1"]
[WhiteElo "2092"]
[BlackElo "2277"]
[PlyCount "68"]
[EventDate "2019.06.29"]
[EventType "swiss"]
[EventRounds "9"]
[EventCountry "FIN"]
[SourceTitle "CBM 192 Extra"]
[Source "Chessbase"]
[SourceDate "2019.11.06"]
[SourceVersion "1"]
[SourceVersionDate "2019.11.06"]
[SourceQuality "1"]

1. e4 c5 2. Nf3 d6 3. d4 cxd4 4. Nxd4 Nf6 5. Nc3 Nc6 6. Be2 e5 7. Nb3 Be7 8. Be3 0-0 9. 0-0 Be6 10. f3 a5 11. Nd5 Bxd5 12. exd5 Nb4 13. c4 Nd7 14. a3 Na6 15. Rc1 b6 16. Nd2 Bg5 17. Bxg5 Qxg5 18. Ne4 Qe7 19. Bd3 f5 20. Ng3 g6 21. b3 Rae8 22. Qd2 Qh4 23. Qc2 Nac5 24. Be2 a4 25. b4 Nb3 26. Rcd1 e4 27. fxe4 f4 28. Nh1 Ne5 29. c5 bxc5 30. bxc5 Nxc5 31. Rf3 Nxf3+ 32. Bxf3 Qf6 33. Nf2 h5 34. h3 Kg7 0-1

[Event "FIN-ch op"]
[Site "Naantali"]
[Date "2019.07.01"]
[Round "3"]
[White "Niemi, Kalle"]
[Black "Tiiva, Eetu"]
[Result "1-0"]
[WhiteElo "2277"]
[BlackElo "1830"]
[PlyCount "59"]
[EventDate "2019.06.29"]
[EventType "swiss"]
[EventRounds "9"]
[EventCountry "FIN"]
[SourceTitle "CBM 192 Extra"]
[Source "Chessbase"]
[SourceDate "2019.11.06"]
[SourceVersion "1"]
[SourceVersionDate "2019.11.06"]
[SourceQuality "1"]

1. e4 e6 2. d4 d5 3. e5 c5 4. c3 Nc6 5. Be3 Qb6 6. Qd2 Bd7 7. Nf3 cxd4 8. cxd4 Nge7 9. Nc3 Nf5 10. Bd3 Nxe3 11. fxe3 Be7 12. 0-0 f6 13. exf6 Bxf6 14. a3 Na5 15. Qe2 0-0 16. Kh1 Rac8 17. e4 Bxd4 18. exd5 Bf6 19. Ne5 Bxe5 20. Qxe5 Qxb2 21. Qe4 g6 22. dxe6 Bc6 23. Nd5 Bxd5 24. Qxd5 Qb3 25. Qd7 Qc3 26. e7 Rfe8 27. Be4 Qc7 28. Qd5+ Kg7 29. Rf7+ Kh6 30. Qd2+ 1-0

[Event "FIN-chT 1819"]
[Site "Finland"]
[Date "2019.04.07"]
[Round "11.4"]
[White "Niemi, Kalle"]
[Black "Hokkanen, Petri"]
[Result "1-0"]
[WhiteElo "2306"]
[BlackElo "2251"]
[PlyCount "47"]
[EventDate "2018.09.15"]
[EventType "team-tourn"]
[EventRounds "11"]
[EventCountry "FIN"]
[SourceTitle "CBM 189 Extra"]
[Source "ChessBase"]
[SourceDate "2019.06.03"]
[SourceVersion "1"]
[SourceVersionDate "2019.06.03"]
[SourceQuality "1"]
[WhiteTeam "Turku TuTS"]
[BlackTeam "Joensuu SK"]
[WhiteTeamCountry "FIN"]
[BlackTeamCountry "FIN"]

1. e4 c5 2. Nf3 d6 3. d4 cxd4 4. Nxd4 Nf6 5. Nc3 a6 6. Nb3 Nc6 7. f3 g6 8. Be3 Bg7 9. Qd2 0-0 10. 0-0-0 b5 11. Kb1 Be6 12. h4 Ne5 13. h5 Nxh5 14. Bh6 f6 15. Bxg7 Nxg7 16. Qh6 Kf7 17. Nd4 Qc8 18. Nd5 Bxd5 19. exd5 Rh8 20. g3 Qc5 21. Bh3 f5 22. Rhe1 Ra7 23. g4 Nc4 24. gxf5 1-0

[Event "FIN-chT 1819"]
[Site "Finland"]
[Date "2018.12.09"]
[Round "6.3"]
[White "Virtanen, Antti"]
[Black "Niemi, Kalle"]
[Result "1/2-1/2"]
[WhiteElo "2263"]
[BlackElo "2306"]
[PlyCount "41"]
[EventDate "2018.09.15"]
[EventType "team-tourn"]
[EventRounds "11"]
[EventCountry "FIN"]
[SourceTitle "EXT 2021"]
[Source "ChessBase"]
[SourceDate "2020.10.23"]
[SourceVersion "1"]
[SourceVersionDate "2020.10.23"]
[SourceQuality "1"]
[WhiteTeam "Helsinki Aatos"]
[BlackTeam "Turku TuTS"]
[WhiteTeamCountry "FIN"]
[BlackTeamCountry "FIN"]

1. Nf3 d5 2. e3 Nf6 3. c4 e6 4. b3 Be7 5. Bb2 c5 6. cxd5 exd5 7. Bb5+ Nc6 8. Ne5 Qb6 9. Nxc6 bxc6 10. Be2 c4 11. 0-0 0-0 12. d3 cxd3 13. Qxd3 a5 14. Nc3 a4 15. Rab1 axb3 16. Ba1 Ba6 17. Qd1 Bxe2 18. Qxe2 Qa6 19. axb3 Rfb8 20. Rfc1 Ne4 21. Qxa6 1/2-1/2

[Event "Turku TuTS op"]
[Site "Turku"]
[Date "2018.12.02"]
[Round "4"]
[White "Niemi, Kalle"]
[Black "Hokkanen, Petri"]
[Result "1/2-1/2"]
[WhiteElo "2287"]
[BlackElo "2243"]
[PlyCount "90"]
[EventDate "2018.11.30"]
[EventType "swiss"]
[EventRounds "5"]
[EventCountry "FIN"]
[SourceTitle "EXT 2021"]
[Source "ChessBase"]
[SourceDate "2020.10.23"]
[SourceVersion "1"]
[SourceVersionDate "2020.10.23"]
[SourceQuality "1"]

1. e4 c5 2. Nf3 Nc6 3. d4 cxd4 4. Nxd4 g6 5. c4 d6 6. Nc3 Nxd4 7. Qxd4 Nf6 8. f3 Bg7 9. Be3 0-0 10. Qd2 Be6 11. Rc1 Qa5 12. b3 Rfc8 13. Bd3 a6 14. Ne2 Qxd2+ 15. Kxd2 Nd7 16. Nf4 Nc5 17. Be2 a5 18. Nd5 Bxd5 19. exd5 Bb2 20. Rc2 Ba3 21. Bd4 a4 22. Rb1 axb3 23. axb3 Bb4+ 24. Bc3 Bxc3+ 25. Rxc3 Ra2+ 26. Rc2 Rca8 27. b4 Nd7 28. Rbb2 Rxb2 29. Rxb2 Ra3 30. Bd1 Kg7 31. Bb3 Kf6 32. Kc3 b6 33. f4 h5 34. Re2 Ra1 35. Kb2 Ra8 36. g3 Ra7 37. h3 Nf8 38. g4 hxg4 39. hxg4 g5 40. Rf2 gxf4 41. Rxf4+ Kg7 42. Bc2 Nd7 43. Re4 Nf6 44. Rf4 Nd7 45. Re4 Nf6 1/2-1/2

[Event "Turku TuTS op"]
[Site "Turku"]
[Date "2018.12.01"]
[Round "3"]
[White "Keso, Elias"]
[Black "Niemi, Kalle"]
[Result "0-1"]
[WhiteElo "2017"]
[BlackElo "2287"]
[PlyCount "74"]
[EventDate "2018.11.30"]
[EventType "swiss"]
[EventRounds "5"]
[EventCountry "FIN"]
[SourceTitle "EXT 2021"]
[Source "ChessBase"]
[SourceDate "2020.10.23"]
[SourceVersion "1"]
[SourceVersionDate "2020.10.23"]
[SourceQuality "1"]

1. e4 c6 2. d4 d5 3. e5 Bf5 4. Nf3 e6 5. Be2 Ne7 6. 0-0 Nd7 7. Nbd2 h6 8. Nb3 Qc7 9. a4 g5 10. Ne1 0-0-0 11. Bd2 f6 12. exf6 Ng8 13. Bd3 Ngxf6 14. Bxf5 exf5 15. Nd3 Bd6 16. f4 Rdg8 17. Ne5 Rg7 18. c4 dxc4 19. Nxc4 Nd5 20. Qe2 Bxf4 21. Bxf4 Nxf4 22. Qc2 Rf8 23. a5 a6 24. Nc5 Kb8 25. Qb3 Nxc5 26. dxc5 Re7 27. Rfe1 Rfe8 28. Rxe7 Qxe7 29. Nd6 Qe3+ 30. Qxe3 Rxe3 31. Rd1 Re2 32. Nc4 Rxg2+ 33. Kf1 Rc2 34. Nb6 Nd5 35. Re1 Kc7 36. Re8 Rxc5 37. Rc8+ Kd6 0-1

[Event "FIN-chT 1819"]
[Site "Finland"]
[Date "2018.09.15"]
[Round "1.4"]
[White "Niemi, Kalle"]
[Black "Koskinen, Henri"]
[Result "0-1"]
[WhiteElo "2306"]
[BlackElo "2247"]
[PlyCount "142"]
[EventDate "2018.09.15"]
[EventType "team-tourn"]
[EventRounds "11"]
[EventCountry "FIN"]
[SourceTitle "CBM 186 Extra"]
[Source "ChessBase"]
[SourceDate "2018.08.24"]
[SourceVersion "1"]
[SourceVersionDate "2018.08.24"]
[SourceQuality "1"]
[WhiteTeam "Turku TuTS"]
[BlackTeam "Vantaa EtVaS"]
[WhiteTeamCountry "FIN"]
[BlackTeamCountry "FIN"]

1. e4 e5 2. Nf3 Nc6 3. Bb5 a6 4. Ba4 Nf6 5. 0-0 Be7 6. Re1 b5 7. Bb3 d6 8. c3 0-0 9. h3 Na5 10. Bc2 c5 11. d4 Qc7 12. Nbd2 cxd4 13. cxd4 Nc6 14. Nb3 a5 15. Be3 a4 16. Nbd2 Bd7 17. Rc1 Qb7 18. Bd3 Rfe8 19. Qe2 Rab8 20. a3 Bd8 21. dxe5 Nxe5 22. Bb1 b4 23. Nd4 bxa3 24. bxa3 Bb6 25. f4 Nc6 26. N4f3 Nd5 27. Nc4 Bxe3+ 28. Nxe3 Nxf4 29. Qf2 Ne5 30. Ng5 Ne6 31. Nxe6 fxe6 32. Red1 Qb6 33. Nc4 Qxf2+ 34. Kxf2 Rxb1 35. Rxb1 Nxc4 36. Rb4 Rc8 37. Rd4 Nxa3 38. Rxd6 Rc7 39. Rbd4 Be8 40. Rxe6 Kf7 41. Ra6 Nc2 42. Rd5 g6 43. e5 Ke7 44. Rdd6 Bd7 45. h4 a3 46. h5 gxh5 47. Rh6 Bf5 48. Rxh5 Bg6 49. Rh3 Rc5 50. Raxa3 Nxa3 51. Rxa3 Rxe5 52. Ra2 Kf6 53. Kg3 Kg5 54. Kf2 Rc5 55. Ra4 Kf5 56. Rb4 Ke5 57. Ra4 Be4 58. Ra7 Rc2+ 59. Ke3 Bf5 60. Ra5+ Kf6 61. Kf3 h5 62. Ra8 Kg5 63. Ra4 Bg4+ 64. Kg3 h4+ 65. Kh2 h3 66. Kh1 hxg2+ 67. Kh2 Bf3 68. Ra3 Kf4 69. Rb3 Rc8 70. Rb1 Rh8+ 71. Kg1 Kg3 0-1

[Event "Naantali Avoin op"]
[Site "Naantali"]
[Date "2018.07.05"]
[Round "6"]
[White "Niemi, Kalle"]
[Black "Luukkonen, Tommi"]
[Result "0-1"]
[WhiteElo "2326"]
[BlackElo "2325"]
[PlyCount "142"]
[EventDate "2018.07.02"]
[EventType "swiss"]
[EventRounds "9"]
[EventCountry "FIN"]
[SourceTitle "EXT 2019"]
[Source "ChessBase"]
[SourceDate "2018.10.10"]
[SourceVersion "1"]
[SourceVersionDate "2018.10.10"]
[SourceQuality "1"]

1. e4 c6 2. d4 d5 3. e5 Bf5 4. h4 h5 5. Bd3 Bxd3 6. Qxd3 Qa5+ 7. Bd2 Qa6 8. e6 Nh6 9. Qh3 Ng4 10. exf7+ Kxf7 11. Nf3 c5 12. Ng5+ Kg8 13. f3 Nf6 14. Qe6+ Qxe6+ 15. Nxe6 Nbd7 16. dxc5 Kf7 17. Ng5+ Kg6 18. b4 a5 19. c3 e5 20. 0-0 d4 21. cxd4 exd4 22. f4 Kf5 23. Nf3 axb4 24. Nxd4+ Ke4 25. Ne6 Nd5 26. Rc1 Kf5 27. Nd4+ Kg4 28. Nb3 g5 29. fxg5 Bg7 30. Rc4+ Kf5 31. Bxb4 Bxa1 32. Nxa1 Ne5 33. Rd4 Rhd8 34. Nc2 Nxb4 35. Rxb4 Rd1+ 36. Kh2 Rd3 37. Nd4+ Kg6 38. Rb6+ Kh7 39. Rxb7+ Kg8 40. Nf3 Nxf3+ 41. gxf3 Rxf3 42. Kg2 Rf4 43. Nc3 Rc4 44. Rb3 Rd8 45. Ne2 Rxh4 46. Rh3 Rg4+ 47. Rg3 Re4 48. Kf3 Re5 49. Nf4 Rf8 50. Rh3 Rxc5 51. Ke3 Rc3+ 52. Kd4 Rxh3 53. Nxh3 Rf3 54. Ng1 Rg3 55. Ne2 Rxg5 56. Nf4 Kh7 57. Ke3 Kh6 58. Kf3 Ra5 59. Kg3 Rxa2 60. Ne6 Ra4 61. Nf4 Kg5 62. Ne6+ Kf5 63. Ng7+ Kg6 64. Ne6 h4+ 65. Kh3 Re4 66. Nc5 Rc4 67. Ne6 Kh5 68. Ng7+ Kg6 69. Ne6 Kf6 70. Nf8 Rc7 71. Kxh4 Rf7 0-1

[Event "Naantali Avoin op"]
[Site "Naantali"]
[Date "2018.07.02"]
[Round "1"]
[White "Smeds, Tom"]
[Black "Niemi, Kalle"]
[Result "0-1"]
[WhiteElo "1900"]
[BlackElo "2326"]
[PlyCount "82"]
[EventDate "2018.07.02"]
[EventType "swiss"]
[EventRounds "9"]
[EventCountry "FIN"]
[SourceTitle "EXT 2019"]
[Source "ChessBase"]
[SourceDate "2018.10.10"]
[SourceVersion "1"]
[SourceVersionDate "2018.10.10"]
[SourceQuality "1"]

1. d4 Nf6 2. Nf3 d5 3. Bf4 c5 4. e3 Nc6 5. c3 Qb6 6. Qb3 c4 7. Qxb6 axb6 8. Nbd2 b5 9. Be2 b4 10. 0-0 bxc3 11. bxc3 Bf5 12. Ne5 Nxe5 13. Bxe5 b5 14. f3 e6 15. e4 Bg6 16. Bxf6 gxf6 17. exd5 Ba3 18. dxe6 fxe6 19. Nxc4 bxc4 20. Bxc4 Kf7 21. Rae1 Rhe8 22. Re3 h5 23. Rfe1 Bf5 24. f4 Rac8 25. Bb5 Red8 26. Bd3 Bxd3 27. Rxd3 Bb2 28. Ree3 Rd5 29. g3 Ra5 30. h3 Rxa2 31. f5 exf5 32. d5 Ba3 33. Kf1 Bd6 34. Re2 Rxe2 35. Kxe2 Be5 36. Kd2 Rg8 37. Rf3 Rxg3 38. Rxf5 Bxc3+ 39. Ke2 Rxh3 40. d6 Be5 41. d7 Ke7 0-1

[Event "FIN-ch"]
[Site "Helsinki"]
[Date "2018.06.14"]
[Round "4"]
[White "Nyysti, Sampsa"]
[Black "Niemi, Kalle"]
[Result "1/2-1/2"]
[WhiteElo "2322"]
[BlackElo "2336"]
[PlyCount "45"]
[EventDate "2018.06.11"]
[EventType "tourn"]
[EventRounds "9"]
[EventCountry "FIN"]
[EventCategory "5"]
[SourceTitle "CBM 185 Extra"]
[Source "ChessBase"]
[SourceDate "2018.07.29"]
[SourceVersion "1"]
[SourceVersionDate "2018.07.29"]
[SourceQuality "1"]

1. e4 c5 2. Nf3 Nc6 3. Bb5 d6 4. 0-0 Bd7 5. Re1 Nf6 6. c3 a6 7. Bf1 Bg4 8. h3 Bxf3 9. Qxf3 e6 10. d3 Be7 11. Be3 0-0 12. Nd2 d5 13. exd5 Nxd5 14. Nb3 Nxe3 15. Qxe3 Qd5 16. g3 Rfd8 17. Rad1 Rac8 18. Bg2 Qd6 19. Bf3 b6 20. d4 cxd4 21. Nxd4 Nxd4 22. Rxd4 Qc7 23. Kg2 1/2-1/2

[Event "Fagernes TV2 GM op"]
[Site "Fagernes"]
[Date "2018.03.25"]
[Round "1"]
[White "Nyland, Thomas"]
[Black "Niemi, Kalle"]
[Result "1-0"]
[WhiteElo "2034"]
[BlackElo "2350"]
[PlyCount "151"]
[EventDate "2018.03.25"]
[EventType "swiss"]
[EventRounds "9"]
[EventCountry "NOR"]
[SourceTitle "CBM 183 Extra"]
[Source "ChessBase"]
[SourceDate "2018.04.19"]
[SourceVersion "1"]
[SourceVersionDate "2018.04.19"]
[SourceQuality "1"]

1. f4 d5 2. Nf3 Nf6 3. e3 g6 4. g3 Bg7 5. Bg2 0-0 6. 0-0 c5 7. d3 Nc6 8. Qe2 Qc7 9. c3 e5 10. e4 dxe4 11. dxe4 exf4 12. Bxf4 Qe7 13. Nbd2 Nh5 14. Be3 b6 15. Nh4 Ne5 16. Nf5 Bxf5 17. exf5 Rad8 18. Ne4 Rd3 19. f6 Bxf6 20. Nxf6+ Nxf6 21. Bg5 Rd6 22. Rae1 Re8 23. Qxe5 Qxe5 24. Rxe5 Rxe5 25. Bxf6 Ree6 26. Bg5 Re2 27. Bc1 c4 28. Bf3 Rc2 29. Bf4 Rd8 30. Rb1 Re8 31. g4 Re6 32. g5 h6 33. h4 hxg5 34. hxg5 Kg7 35. Kf1 Re8 36. Bd1 Re4 37. Bxc2 Rxf4+ 38. Ke2 Rg4 39. Kf3 Rxg5 40. Rd1 Rb5 41. b3 Ra5 42. a4 cxb3 43. Bxb3 Rc5 44. c4 Rc7 45. Kf4 Kf6 46. Rd5 Rb7 47. Bc2 Re7 48. Rd6+ Kg7 49. Be4 Kf8 50. Bd5 Kg7 51. Rd8 Kf6 52. Rb8 Rc7 53. Rb7 Rxb7 54. Bxb7 Ke7 55. Ke5 f6+ 56. Kd5 Kd7 57. Bc6+ Kc7 58. Be8 g5 59. Bh5 Kb7 60. Be2 f5 61. Bd3 f4 62. Be2 Kc7 63. Bf3 Kd7 64. Bg4+ Kc7 65. c5 a6 66. Be2 bxc5 67. Kxc5 Kb7 68. a5 Kc7 69. Bg4 Kb7 70. Kd6 Kb8 71. Kc6 Ka7 72. Kc7 Ka8 73. Kb6 Kb8 74. Kxa6 Ka8 75. Kb6 Kb8 76. a6 1-0